| 000 | 00728nam a2200241Ia 4500 | ||
|---|---|---|---|
| 003 | OSt | ||
| 005 | 20241008105049.0 | ||
| 008 | 210716s2006 xx 000 0 und d | ||
| 020 | _a8183230024 | ||
| 040 | _cAIMIT LIBRARY | ||
| 041 | _aeng | ||
| 082 |
_a382.1 _21 _bAGRR |
||
| 100 |
_aAgarwal, Raj. _9181749 |
||
| 245 |
_aEconomic environment of India / _cBy Raj Agrawal and S Saksena. |
||
| 250 | _a1st ed. | ||
| 260 |
_aNew Delhi : _bExcel Books , _c2006. |
||
| 300 |
_av,472p. ; _bPB _c25 cm |
||
| 650 |
_aSocio- cultural environment segment _9181750 |
||
| 650 |
_aIndian economic environment _9181751 |
||
| 650 |
_aGlobalization segment _9181752 |
||
| 700 |
_aSaksena, S. _9181753 |
||
| 942 |
_2ddc _cBK _e1st _k382.1 AGRR |
||
| 999 |
_c201758 _d201758 |
||